000 00589nam a2200253Ia 4500
003 OSt
005 20220912152501.0
006 a|||||r|||| 00| 0
007 ta
008 220909b |||||||| |||| 00| 0 eng d
024 _a44967
037 _cTextual
040 _aCSL
_beng
_cCSL
041 _aeng
082 _aH.3473, L3
100 _aPitcher W S
245 0 _aGeology of donegal
260 _c1973
300 _ap.
_ccm.
650 _aGeology
700 _a Berger A R
942 _hH.3473, L3
_cTEXL
_2CC
999 _c87210
_d87210